000 01362nam a2200373 a 4500
003 CHAP
005 20220329142313.0
008 000222s1996 mx r 10000 spa d
010 _a81333
011 _a82305
020 _a9688846368
035 _a92794
040 _cCHAP
082 0 4 _a631.584
_bF6 1999
111 0 0 _aForo Nacional sobre Agricultura Orgánica
_n(4 :
_d1999 :
_cMontecillo, Méx.)
_942504
245 1 0 _aMemorias
_c/ed. por J. Feliciano Ruíz Figueroa
260 _a(Montecillo, Méx.) :
_bColegio de Postgraduados,
_c1999.
300 _aviii, 284 p. :
_bgráfs. cuadros,
590 _aBATCH-UPD
_b10
_c20130110
_lUCH01
_h0257
590 _aBATCH-UPD
_b10
_c20130110
_lUCH01
_h1209
590 _aBATCH-UPD
_b10
_c20130409
_lUCH01
_h2328
590 _aBATCH-UPD
_b10
_c20130410
_lUCH01
_h1427
590 _aBATCH-UPD
_b10
_c20130913
_lUCH01
_h2159
590 _aCONVERSION
_b10
_c20130109
_lUCH01
_h1345
650 1 4 _aAgricultura orgánica
_xCongresos.
_92007
650 1 4 _aBiodiversidad.
_912724
650 1 4 _aEcología agrícola
_xCongresos.
_935167
700 0 _aRuíz Figueroa, José Feliciano.
_9100875
901 _aBK
905 _aAlejandra Carrasco M.
942 _cLIBRO
949 _a631.584 F6 1999
_bBC
_cCONG
_d33724002217611
_eLIBRO
_fc.2
_h113127
_i92794
_sb
949 _a631.584 F6 1999
_bBC
_cCONG
_d927941
_eCONG
_gI.c/e
_h97823
_i92794
_sb
_t$90.
999 _c81333
_d81333